The Josef Michera collections : Roman, early Byzantine, Islamic and late Medieval glass weights, vessel stamps and jetons /

Hlavní autor: Novák, Vlastimil, 1964-2020
Jazyk: Angličtina
Vydáno: Prague : National Museum, 2006
Edice: Editio Monographica Musei Nationalis Pragae
Témata:
Externí odkaz: Digitalizovaný dokument
Fyzický popis: 128 s. : il. (převážně barev.), portréty ; 30 cm
Knihy
Uloženo v:
LEADER 02035nam a2200505 a 4500
001 nkc20061700945
003 CZ PrNK
005 20081015154914.0
007 ta
008 061207s2006 xr ac e 001 0 eng
015 |a cnb001700945 
020 |a 80-7036-205-7  |q (brož.) 
035 |a (OCoLC)228592249 
040 |a ABA001  |b cze 
043 |a e-xr--- 
072 7 |a 73  |x Sochařství, keramika, porcelán, umělecké zpracování kovů  |2 Konspekt  |9 21 
080 |a 7.074  |2 MRF 
080 |a 737.1  |2 MRF 
080 |a 069.5-027.551  |2 MRF 
080 |a (437.3)  |2 MRF 
080 |a (083.81)  |2 MRF 
100 1 |a Novák, Vlastimil,  |d 1964-2020  |7 jo2006333712  |4 aut 
245 1 4 |a The Josef Michera collections :  |b Roman, early Byzantine, Islamic and late Medieval glass weights, vessel stamps and jetons /  |c Vlastimil Novák 
246 3 0 |a Roman, early Byzantine, Islamic and late Medieval glass weights, vessel stamps and jetons 
260 |a Prague :  |b National Museum,  |c 2006 
300 |a 128 s. :  |b il. (převážně barev.), portréty ;  |c 30 cm 
490 1 |a Editio Monographica Musei Nationalis Pragae ;  |v Num. 1 
504 |a Obsahuje bibliografii, bibliografické odkazy a rejstřík 
600 1 7 |a Michera, Josef,  |d 1879-1957  |7 jx20080220004  |2 czenas 
650 0 7 |a sběratelé  |7 ph125434  |z Česko  |2 czenas 
650 0 7 |a mince  |7 ph115319  |2 czenas 
650 0 7 |a soukromé sbírky  |7 ph135214  |z Česko  |2 czenas 
650 0 9 |a collectors  |z Czechia  |2 eczenas 
650 0 9 |a coins  |2 eczenas 
650 0 9 |a private collections  |z Czechia  |2 eczenas 
655 7 |a katalogy  |7 fd132535  |2 czenas 
655 9 |a catalogs  |2 eczenas 
830 0 |a Editio Monographica Musei Nationalis Pragae  |0 s 
856 4 1 |u http://www.digitalniknihovna.cz/mzk/uuid/uuid:f7b56cc0-0a4a-11e8-bdb0-005056827e51  |y Digitalizovaný dokument  |x NDK 
910 2 |a BOA001  |b 4-1201.699 
928 9 |a Národní muzeum 
990 |a BK 
995 |a 01 
991 |b 200804  |c NOV 
996 6 |b 2610339588  |c 4-1201.699  |l MZK  |r Sklad / do 1 hodiny  |n 1  |p p.v.  |w 000892393  |u 000010  |a 1  |e BOA001  |j MZK50  |s P